Bilecik Bilecik Bilecik Bilecik Bilecik

Dış politika/ (Record no. 3726)

MARC details
000 -BAŞLIK
Sabit Uzunluktaki Kontrol Alanı 01669nam a22003377a 4500
001 - KONTROL NUMARASI
Control Dosyası 0003742
003 - KONTROL NUMARASI KİMLİĞİ
Kontrol Alanı KOHA_MİRAKIL
005 - EN SON İŞLEM TARİHİ ve ZAMANI
Kontrol Alanı 20260207001346.0
007 - FİZİKSEL TANIM SABİT ALAN - GENEL BİLGİ
Sabit uzunluklu kontrol alanı ta
008 - SABİT UZUNLUKTAKİ VERİ ÖGELERİ - GENEL BİLGİ
Sabit Alan 090415b1994 tu |||gr||||#||||0|tur |
020 ## - ISBN - ULUSLARARASI STANDART KİTAP NUMARASI
Isbn 9754371105
040 ## - KATALOGLAMA KAYNAĞI
Özgün Kataloglama Kurumu TR-BiSEU
Kataloglama Dili tur
Çeviri Kurumu TR-BiSEU
Açıklama Kuralları rda
041 0# - DİL KODU
Metin ya da ses kaydının dil kodu tur
044 ## - YAYINLAYAN/ÜRETEN KURULUŞUN ÜLKE KODU
ISO country code tu
050 ## - SINIFLAMA ve YER NUMARASI
Sınıflama Numarası JX1395
Yer Numarası .I53 1994
100 1# - KİŞİ ADI
Yazar Adı (Kişi adı) İnan, Kâmran.
245 1# - ESER ADI BİLDİRİMİ
Başlık Dış politika/
Sorumluluk Bildirimi Kâmran İnan ; Kâmran İnan.
250 ## - BASIM BİLDİRİMİ
Basım Bildirimi 2. bs.
264 #1 - ÜRERİM, YAYIN, DAĞITIM ve TELİF BİLDİRİMİ
Yayın yeri İstanbul :
Yayınlayan Ötüken, 1994
Yayın tarihi 1994
300 ## - FİZİKSEL TANIMLAMA
Sayfa, Cilt vb. 136 sayfa
336 ## - İÇERİK TÜRÜ
Content type term metin
Content type code txt
Source rdacontent
337 ## - MEDYA TÜRÜ
Media type term aracısız
Media type code n
Source rdamedia
338 ## - TAŞIYICI TÜRÜ
Carrier type term cilt
Carrier type code nc
Source rdacarrier
490 1# - DİZİ BİLDİRİMİ
Dizi Bildirimi Yayın nu ;
Cilt Numarası 261.
490 1# - DİZİ BİLDİRİMİ
Dizi Bildirimi Kültür serisi ;
Cilt Numarası 73.
505 ## - İÇİNDEKİLER NOTU
İçindekiler Notu İnsanoğlunun en büyük çaplı teşkilatlanması olan devlet, farklı kültürlerde farklı biçimlerde algılanmıştır. Aynı kültürün farklı tarih dönemlerinde de, doğal olarak bu farklılıklar görülmektedir. Bugün dünyamızda, devlet hakkında, eskisinden biraz daha değişik, fakat ortak noktaları artan bir anlayışın bütün kültürlerde yer etmeye başladığı söylenebilir. Ancak, millî kültürlerin inanç ve tarihî birikimlerinin oluşturduğu bakış açılarının kolayca değişeceğini sanmak da yanıltıcı olur. Devlet kitabı devlet çevresinde, asıl kalıcı olması gereken hususlara işaret eder; sıklıkla kullanılan ama yerli yerinde kullanılmayan teokrasi, şeriat devleti gibi kavramlara aydınlık getirir.
650 #0 - KONU BAŞLIĞI EK GİRİŞ - KONU TERİMİ
Konusal terim veya coğrafi ad Uluslararası ilişkiler.
9 (RLIN) 7041
830 1# - SERİ EK GİRİŞİ - TEKBİÇİM ESER ADI
Tekbiçim Başlık Yayın nu ;
Volume number/sequential designation 261.
9 (RLIN) 9059
830 1# - SERİ EK GİRİŞİ - TEKBİÇİM ESER ADI
Tekbiçim Başlık Kültür serisi ;
Volume number/sequential designation 73.
9 (RLIN) 5523
942 ## - EK GİRİŞ ÖGELERİ (KOHA)
Source of classification or shelving scheme Library of Congress Classification
Koha item type Book
Holdings
Materyal Türü Kalıcı Konum Mevcut Konum Raf Yeri Sınıflandırma Kaynağı Edinim Bilgisi Ana Konular Alt Konular Yer Numarası Demirbaş Numarası Fatura Tarihi Maliyet, Alış Fiyatı Maliyet, Yenileme Fiyatı Geri Çekilme Durumu Kayıp Durumu Hasarlı Durumu Kredi için değil Kayıt Tarih Toplam Ödünçverme Son Görülme Tarihi Son Kontrol Tarihi Genel / Bağış Notu
Book Prof. Dr. Azmi Özcan Kütüphanesi Prof. Dr. Azmi Özcan Kütüphanesi Uluğbey Salonu Library of Congress Classification Bağış SİYASET BİLİMİ Uluslararası Hukuk (Eski/Kullanım dışı) JX1395 .I53 1994 0003742 13/08/2010 3.50 3.50         15/04/2009 2 05/12/2024 05/12/2024 İİBF